Entry Nombre personal
001 - NÚMERO DE CONTROL
- campo de control: 107604
003 - IDENTIFICADOR DE NÚMERO DE CONTROL
- campo de control: SpMaBN
005 - FECHA Y HORA DE LA ÚLTIMA TRANSACCIÓN
- campo de control: 20250708023604.0
008 - ELEMENTOS DE DATO DE LONGITUD-FIJA
- campo de control de longitud fija: 990501n| aijnnaabn a aaa
016 ## - NÚMERO DE CONTROL DE UNA AGENCIA BIBLIOGRÁFICA NACIONAL
- Número de control del registro: BNE20000725778
024 7# - IDENTIFICADOR DE OTROS ESTÁNDARES
- Número estándar o código: http://www.wikidata.org/entity/Q286475
- Fuente: wikidata
024 7# - IDENTIFICADOR DE OTROS ESTÁNDARES
- Número estándar o código: http://viaf.org/viaf/22148977/
- Fuente: viaf
024 7# - IDENTIFICADOR DE OTROS ESTÁNDARES
- Número estándar o código: https://isni.org/isni/0000000108777533
- Fuente: isni
040 ## - FUENTE DE CATALOGACIÓN
- Centro catalogador/agencia de origen: SpMaBN
- Lengua de catalogación: spa
- Centro/agencia transcriptor: SpMaBN
- Normas de descripción: rdc
- Convención/Normas de encabezamiento de materia/tesauro: embne
046 ## - FECHAS CON CODIFICACIÓN ESPECIAL
- Fecha de nacimiento: 1806
- Fecha de la muerte: 1854
100 1# - ENCABEZAMIENTO-NOMBRE DE PERSONA
- Nombre de persona: Souvestre, Émile,
- Fechas asociadas al nombre: 1806-1854
370 ## - LUGAR ASOCIADO
- Lugar de nacimiento: Morlaix
- Número de control del registro de autoridad o número normalizado: XX5589123
- Fuente de información: Wikidata
374 ## - OCUPACIÓN
- Ocupación: Escritores
- Ocupación: Novelistas
- Ocupación: Escritores
- Ocupación: Dramaturgos
- Ocupación: Escritores
- Ocupación: Periodistas
- Ocupación: Abogados
- Fuente de información: Wikidata
375 ## - GÉNERO/SEXO
- Género: Masculino
- Fuente de información: Wikidata
377 ## - IDIOMA ASOCIADO
- Término de lengua/lenguaje: Francés
400 1# - TRAZADO DE VÉASE--NOMBRE DE PERSONA
- Nombre de persona: Souvestre, E.,
- Fechas asociadas al nombre: 1806-1854
400 1# - TRAZADO DE VÉASE--NOMBRE DE PERSONA
- Nombre de persona: Souvestre, Emilio,
- Fechas asociadas al nombre: 1806-1854
670 ## - FUENTE DE DATOS ENCONTRADOS
- Cita de la fuente: Aînée et cadette, 1840
- Información encontrada: cabecera (Émile Souvestre)
670 ## - FUENTE DE DATOS ENCONTRADOS
- Cita de la fuente: Un filósofo en una guardilla, 1944
- Información encontrada: (E. Souvestre)
670 ## - FUENTE DE DATOS ENCONTRADOS
- Cita de la fuente: El rico y el pobre, 1935
- Información encontrada: (Emilio Souvestre)
670 ## - FUENTE DE DATOS ENCONTRADOS
- Cita de la fuente: WWW BN-OPALE Plus, 2-1-2006
- Información encontrada: (Souvestre, Émile (1806-1854))
